00364nam a2200133 a 4500008004100000020001800041050001600059100002300075245004400098260004300142300001400185350001000199650002100209201117s2018 ||||||||||||||||| || u a9781786540508 aPZ 7.B6988  aBracken, Alexandra14aThe darkest mindscBy Alexandra Bracken aLondonbQuercus Children's booksc2018 a517 pages a23.55 aENGLISH LANGUAGE